| 000 | 00953cam a22002898i 4500 | ||
|---|---|---|---|
| 999 |
_c233538 _d233538 |
||
| 001 | 18753704 | ||
| 003 | Nust | ||
| 005 | 20170308154821.0 | ||
| 008 | 150821t20162004ilu 000 1 eng | ||
| 010 | _a 2015031723 | ||
| 020 | _a9780755332502 | ||
| 040 |
_aDLC _beng _erda _cDLC |
||
| 042 | _apcc | ||
| 050 | 0 | 0 |
_aPR6063.A395 _bO54 2016 |
| 082 | 0 | 0 |
_a823.914 _bMAN |
| 100 | 1 | _aMansell, Jill. | |
| 245 | 1 | 4 |
_aThe one you really want / _cJill Mansell. |
| 263 | _a1604 | ||
| 264 | 1 |
_aNaperville, IL : _bSourcebooks Landmark, _c2016 |
|
| 300 |
_a470 p ; _c20 cm: |
||
| 336 |
_atext _2rdacontent |
||
| 337 |
_aunmediated _2rdamedia |
||
| 338 |
_avolume _2rdacarrier |
||
| 650 |
_aAdultery _xFiction |
||
| 906 |
_a7 _bcbc _corignew _d1 _eecip _f20 _gy-gencatlg |
||
| 942 |
_2ddc _cBK |
||